Электрические машины: учебник

Detaylı Bibliyografya
Yazar: Епифанов А. П. Алексей Павлович
Diğer Yazarlar: Епифанов Г. А. Григорий Алексеевич
Özet:Содержание учебника соответствует Государственному образовательному стандарту и примерной программе дисциплины "Электрические машины". Книга включает два раздела: "Введение в электромеханику" (главы 1, 2), где изложены физические основы электромеханического преобразования энергии, общие вопросы устройства и работы электрических машин; "Трансформаторы и электрические машины" (главы 3—8), содержащий традиционный для рассматриваемого курса материал. В отдельную главу вынесены специальные машины — вентильные, линейные, универсальные. Учебник предназначен для обучающихся в высших учебных заведениях по программам бакалавриата и магистратуры по направлениям "Теплоэнергетика и теплотехника, Агроинженерия, Наземные транспортно-технологические комплексы, Электроэнергетика и электротехника. Книга будет полезна специалистам, занятым в сфере эксплуатации электрических машин.
Dil:Rusça
Baskı/Yayın Bilgisi: Санкт-Петербург, Лань, 2019
Seri Bilgileri:Бакалавриат и магистратура
Учебники для вузов. Специальная литература
Konular:
Materyal Türü: MixedMaterials Kitap
KOHA link:https://koha.lib.tpu.ru/cgi-bin/koha/opac-detail.pl?biblionumber=343878

MARC

LEADER 00000nam0a2200000 4500
001 343878
005 20231102005615.0
010 |a 9785811426379 
035 |a (RuTPU)RU\TPU\book\374544 
035 |a RU\TPU\book\118363 
035 |a RU\TPU\book\333043 
090 |a 343878 
100 |a 20070209d2019 m y0rusy50 ca 
101 0 |a rus 
102 |a RU 
105 |a a j 001zy 
200 1 |a Электрические машины  |e учебник  |f А. П. Епифанов, Г. А. Епифанов 
210 |a Санкт-Петербург  |c Лань  |d 2019 
215 |a 299 с.  |c ил. 
225 1 |a Бакалавриат и магистратура 
225 1 |a Учебники для вузов. Специальная литература 
320 |a Библиогр.: с. 292-294 
330 |a Содержание учебника соответствует Государственному образовательному стандарту и примерной программе дисциплины "Электрические машины". Книга включает два раздела: "Введение в электромеханику" (главы 1, 2), где изложены физические основы электромеханического преобразования энергии, общие вопросы устройства и работы электрических машин; "Трансформаторы и электрические машины" (главы 3—8), содержащий традиционный для рассматриваемого курса материал. В отдельную главу вынесены специальные машины — вентильные, линейные, универсальные. Учебник предназначен для обучающихся в высших учебных заведениях по программам бакалавриата и магистратуры по направлениям "Теплоэнергетика и теплотехника, Агроинженерия, Наземные транспортно-технологические комплексы, Электроэнергетика и электротехника. Книга будет полезна специалистам, занятым в сфере эксплуатации электрических машин. 
606 1 |a Электрические машины  |2 stltpush  |3 (RuTPU)RU\TPU\subj\27074  |9 50877 
610 1 |a структура 
610 1 |a энергия 
610 1 |a электромеханические преобразования 
610 1 |a физические основы 
610 1 |a устройство 
610 1 |a трансформаторы 
610 1 |a асинхронные машины 
610 1 |a синхронные машины 
610 1 |a коллекторные машины постоянного тока 
610 1 |a коллекторные двигатели 
610 1 |a машины переменного тока 
610 1 |a специальные электрические машины 
610 1 |a учебники 
675 |a 621.313(075.8)  |v 4 
700 1 |a Епифанов  |b А. П.  |g Алексей Павлович 
701 1 |a Епифанов  |b Г. А.  |g Григорий Алексеевич 
801 1 |a RU  |b 63413507  |c 20191106 
801 2 |a RU  |b 63413507  |c 20191210  |g RCR 
942 |c BK 
959 |a 23/20191105  |d 5  |e 1229,36  |f УФ:4  |f ЧЗТЛ:1